000 01345 a2200337 4500
003 Nust
005 20170207154053.0
010 _a2008011042
020 _a0-8166-4870-0 (inb.)
020 _a0-8166-4871-9 (hft.)
020 _a978-0-8166-4870-2 (inb.)
020 _a978-0-8166-4871-9 (hft.)
035 _a(OCoLC)222249169
035 _a(OCoLC)ocn222249169
040 _cNust
082 0 0 _a070.5/7973
100 1 _aHall, Gary,
245 1 0 _aDigitize this book! :the politics of new media, or why we need open access now(E-BOOK)
_cGary Hall
260 _aMinneapolis :
_bUniversity of Minnesota Press,
_ccop. 2008
300 _avii, 301 s.
490 0 _aElectronic mediations,
_x99-3171425-5 ;
_v24
505 0 _aWhy all academic research and scholarship should be made available in online open access archives, now! -- Judgment and responsibility in the wikipedia era -- IT, again, or, How to build an ethical institution -- Antipolitics and the Internet -- Hypercyberdemocracy.
650 7 _aCommunication in learning and scholarship
_xTechnological innovations.
650 7 _aInternet
_xPolitical aspects.
650 7 _aOpen access publishing
650 7 _aOpen access-publicering
650 7 _aOpen access-publicering
650 7 _aScholarly electronic publishing.
650 7 _aVetenskaplig publicering
651 _aE-BOOK
942 _2ddc
_cBK
999 _c193202
_d193202